[Event "31. Torneo San Viator 2019"]
[Site "Madrid ESP"]
[Date "2019.09.15"]
[Round "2.8"]
[White "Alonso Aranzabal, Iñigo"]
[Black "Bernal Zajarov, Mateo"]
[Result "1-0"]
[WhiteElo "1873"]
[BlackElo "1636"]
[PlyCount "71"]
[EventDate "2019.09.08"]
[EventType "swiss"]
[EventRounds "9"]
[EventCountry "ESP"]
[SourceTitle "Ajedrez en Madrid"]
[Source "lmi"]
[SourceDate "2019.09.08"]
[SourceVersion "1"]
[SourceVersionDate "2019.10.29"]
[SourceQuality "1"]

1. e4 c5 2. Nf3 d6 3. c3 Nf6 4. Be2 g6 5. O-O Bg7 6. Bb5+ Nfd7 7. Re1 a6 8. Bf1
Nc6 9. a4 O-O 10. Na3 Rb8 11. d4 Re8 12. Bg5 Qc7 13. d5 Na7 14. Nc4 b5 15. axb5
axb5 16. Ne3 Nb6 17. Qc2 Bd7 18. h3 h5 19. Bf4 e6 20. dxe6 Bxe6 21. Bxd6 Qxd6
22. Rxa7 Qc6 23. Rea1 Na4 24. Nd5 Bxd5 25. exd5 Qxd5 26. Bxb5 Rxb5 27. R1xa4
Reb8 28. c4 Rxb2 29. cxd5 Rxc2 30. Ra8 Rcb2 31. d6 Bf6 32. Nd2 R2b4 33. Ne4
Rxa4 34. Nxf6+ Kg7 35. Rxb8 Kxf6 36. d7 1-0

[Event "31. Torneo San Viator 2019"]
[Site "Madrid ESP"]
[Date "2019.09.15"]
[Round "2.9"]
[White "Ramos Isasi, Jose"]
[Black "Garcia Galeote, Lorenzo"]
[Result "0-1"]
[WhiteElo "1767"]
[BlackElo "1873"]
[PlyCount "62"]
[EventDate "2019.09.08"]
[EventType "swiss"]
[EventRounds "9"]
[EventCountry "ESP"]
[SourceTitle "Ajedrez en Madrid"]
[Source "lmi"]
[SourceDate "2019.09.08"]
[SourceVersion "1"]
[SourceVersionDate "2019.10.29"]
[SourceQuality "1"]

1. d4 Nc6 2. Nf3 d6 3. e4 Nf6 4. Nc3 Bg4 5. Be2 g6 6. h3 Bxf3 7. Bxf3 Bg7 8.
Be3 O-O 9. Qd2 e5 10. d5 Nd4 11. Bg4 c6 12. Bg5 h6 13. Be3 Kh7 14. O-O-O cxd5
15. exd5 Qa5 16. Bf3 Rac8 17. Kb1 Nd7 18. Bxd4 exd4 19. Ne4 Qb6 20. Be2 f5 21.
Ng3 Nc5 22. Bc4 Ne4 23. Nxe4 Rxc4 24. Qe2 Rb4 25. b3 fxe4 26. Qxe4 Rxf2 27. h4
d3 28. Qxd3 Qd4 29. Qxd4 Rxd4 30. Rxd4 Bxd4 31. g4 Rg2 0-1

[Event "31. Torneo San Viator 2019"]
[Site "Madrid ESP"]
[Date "2019.09.15"]
[Round "2.10"]
[White "Barahona Torrijos, Angel"]
[Black "Manso Santamaria, Juan Carlos"]
[Result "0-1"]
[WhiteElo "1862"]
[BlackElo "1701"]
[PlyCount "68"]
[EventDate "2019.09.08"]
[EventType "swiss"]
[EventRounds "9"]
[EventCountry "ESP"]
[SourceTitle "Ajedrez en Madrid"]
[Source "lmi"]
[SourceDate "2019.09.08"]
[SourceVersion "1"]
[SourceVersionDate "2019.10.29"]
[SourceQuality "1"]

1. e4 Nf6 2. Nc3 d5 3. exd5 Nxd5 4. Bc4 c6 5. Qf3 e6 6. Nh3 Bd6 7. Ne4 Be7 8.
c3 Nd7 9. d4 N7f6 10. Ng3 b5 11. Bd3 e5 12. Nh5 Nxh5 13. Qxh5 exd4 14. Ng5 Bxg5
15. Bxg5 Qd6 16. O-O-O Be6 17. c4 Nf4 18. Bxf4 Qxf4+ 19. Kb1 bxc4 20. Rhe1
O-O-O 21. Be4 Bg4 22. Qc5 Bxd1 23. Qxc6+ Qc7 24. Qa8+ Kd7 25. Bf5+ Kd6 26. Qe4
Kc5 27. Rxd1 Rhe8 28. Qf3 Re5 29. Qa3+ Kb6 30. Bc2 Ra5 31. Qb4+ Rb5 32. Qe1 c3
33. b3 Qd6 34. Bd3 Re5 0-1

[Event "31. Torneo San Viator 2019"]
[Site "Madrid ESP"]
[Date "2019.09.15"]
[Round "2.11"]
[White "Alvarez Poves, Jesus"]
[Black "Rodriguez Polo, Mateo"]
[Result "1/2-1/2"]
[WhiteElo "1794"]
[BlackElo "2037"]
[PlyCount "45"]
[EventDate "2019.09.08"]
[EventType "swiss"]
[EventRounds "9"]
[EventCountry "ESP"]
[SourceTitle "Ajedrez en Madrid"]
[Source "lmi"]
[SourceDate "2019.09.08"]
[SourceVersion "1"]
[SourceVersionDate "2019.10.29"]
[SourceQuality "1"]

1. d4 Nf6 2. c4 e6 3. Nc3 Bb4 4. Qc2 O-O 5. a3 Bxc3+ 6. Qxc3 d5 7. Bg5 dxc4 8.
Qxc4 b6 9. Nf3 Ba6 10. Qa4 Qd5 11. Bxf6 gxf6 12. Rc1 Rc8 13. g3 Qe4 14. Qd1 Qd5
15. Bg2 Bb7 16. O-O Qb5 17. Qc2 f5 18. Qd2 Qe8 19. Qg5+ Kh8 20. Qf6+ Kg8 21.
Qg5+ Kh8 22. Qf6+ Kg8 23. Qg5+ 1/2-1/2

[Event "31. Torneo San Viator 2019"]
[Site "Madrid ESP"]
[Date "2019.09.15"]
[Round "2.12"]
[White "Tudela Garcia, Antonio"]
[Black "Arribas Jimenez, Pedro Angel"]
[Result "0-1"]
[WhiteElo "1582"]
[BlackElo "1876"]
[PlyCount "68"]
[EventDate "2019.09.08"]
[EventType "swiss"]
[EventRounds "9"]
[EventCountry "ESP"]
[SourceTitle "Ajedrez en Madrid"]
[Source "lmi"]
[SourceDate "2019.09.08"]
[SourceVersion "1"]
[SourceVersionDate "2019.10.29"]
[SourceQuality "1"]

1. e4 e6 2. b3 d5 3. Bb2 Nf6 4. exd5 exd5 5. Qe2+ Be6 6. Nc3 c6 7. Nf3 h6 8.
Nd4 Qd7 9. Nxe6 Qxe6 10. Qxe6+ fxe6 11. d4 Bb4 12. O-O-O Ng4 13. Rd2 Rf8 14. f3
Nf6 15. Bd3 Kf7 16. Re2 Nh5 17. g3 g5 18. Rhe1 Ng7 19. f4 gxf4 20. gxf4 Nd7 21.
Rg1 Nf5 22. Reg2 Rg8 23. Ne2 Nh4 24. Rg3 Nf6 25. Rxg8 Rxg8 26. Rxg8 Kxg8 27.
Ng3 Bd6 28. f5 Bxg3 29. hxg3 Nxf5 30. Bxf5 exf5 31. Ba3 Ne4 32. Bc5 b6 33. Be7
Nxg3 34. Bd6 Ne2+ 0-1

[Event "31. Torneo San Viator 2019"]
[Site "Madrid ESP"]
[Date "2019.09.15"]
[Round "2.13"]
[White "Muñoz Cebey, Ricardo"]
[Black "Sanchez Hernandez, Alvaro"]
[Result "1-0"]
[WhiteElo "1845"]
[BlackElo "1765"]
[PlyCount "71"]
[EventDate "2019.09.08"]
[EventType "swiss"]
[EventRounds "9"]
[EventCountry "ESP"]
[SourceTitle "Ajedrez en Madrid"]
[Source "lmi"]
[SourceDate "2019.09.08"]
[SourceVersion "1"]
[SourceVersionDate "2019.10.29"]
[SourceQuality "1"]

1. c4 Nf6 2. Nf3 c5 3. Nc3 Nc6 4. g3 g6 5. Bg2 Bg7 6. O-O O-O 7. d4 cxd4 8.
Nxd4 Nxd4 9. Qxd4 d6 10. Qd3 Nd7 11. b3 Nc5 12. Qd2 a5 13. Bb2 Bd7 14. Rac1 Bc6
15. Nd5 Bxb2 16. Qxb2 Bxd5 17. Bxd5 Qd7 18. a3 Rab8 19. b4 Na4 20. Qd4 axb4 21.
axb4 b5 22. c5 e6 23. c6 Qc7 24. Bb3 Rb6 25. Bxa4 bxa4 26. b5 Ra8 27. Rb1 Ra5
28. Rfc1 a3 29. Qc3 Raxb5 30. Rxb5 Rxb5 31. Qxa3 Rb6 32. Qa8+ Kg7 33. h4 h5 34.
Kg2 d5 35. Qa4 f5 36. Qd4+ 1-0

[Event "31. Torneo San Viator 2019"]
[Site "Madrid ESP"]
[Date "2019.09.15"]
[Round "2.14"]
[White "Recuenco Andres, Javier"]
[Black "Ramos Antona, Enrique"]
[Result "1-0"]
[WhiteElo "1833"]
[BlackElo "1486"]
[PlyCount "120"]
[EventDate "2019.09.08"]
[EventType "swiss"]
[EventRounds "9"]
[EventCountry "ESP"]
[SourceTitle "Ajedrez en Madrid"]
[Source "lmi"]
[SourceDate "2019.09.08"]
[SourceVersion "1"]
[SourceVersionDate "2019.10.29"]
[SourceQuality "1"]

1. e4 c5 2. Bc4 e6 3. Nc3 Nc6 4. f4 d6 5. Nf3 Be7 6. O-O a6 7. a4 Bf6 8. d3
Nge7 9. Qe1 g6 10. Ne2 O-O 11. c3 Qc7 12. Ng3 Bg7 13. Kh1 Bd7 14. Bb3 Rae8 15.
Qf2 b5 16. Be3 Na5 17. Bc2 Nac6 18. Nh4 b4 19. d4 cxd4 20. cxd4 e5 21. dxe5
dxe5 22. f5 gxf5 23. exf5 f6 24. Bb3+ Kh8 25. Rac1 Qb7 26. Nh5 Na5 27. Nxg7
Nxb3 28. Nxe8 Nxc1 29. Nd6 Qd5 30. Rxc1 Qxd6 31. Bc5 Qc6 32. Rd1 Re8 33. Rd6
Qxa4 34. h3 Ng8 35. Qd2 Bb5 36. Qxb4 Qxb4 37. Bxb4 e4 38. Bc3 e3 39. Nf3 h6 40.
Kg1 Kg7 41. Nd4 Rb8 42. Nxb5 axb5 43. Re6 Rb7 44. Rxe3 Ne7 45. Re6 Nd5 46. Bd4
Re7 47. Rd6 Nf4 48. Bxf6+ Kf7 49. Bxe7 Kxe7 50. Rxh6 Nd3 51. b4 Nxb4 52. Rb6
Nd3 53. Rxb5 Kf6 54. g4 Kg5 55. Rb6 Nf4 56. Kh2 Nd5 57. Rg6+ Kh4 58. Rd6 Nf4
59. f6 Ng6 60. f7 Nf8 1-0

[Event "31. Torneo San Viator 2019"]
[Site "Madrid ESP"]
[Date "2019.09.29"]
[Round "3.1"]
[White "Medina Riesgo, Pedro"]
[Black "Campos Tores, Jose Luis"]
[Result "1-0"]
[WhiteElo "2123"]
[BlackElo "1854"]
[PlyCount "103"]
[EventDate "2019.09.08"]
[EventType "swiss"]
[EventRounds "9"]
[EventCountry "ESP"]
[SourceTitle "Ajedrez en Madrid"]
[Source "lmi"]
[SourceDate "2019.09.08"]
[SourceVersion "1"]
[SourceVersionDate "2019.10.29"]
[SourceQuality "1"]

1. e4 g6 2. Nf3 Bg7 3. c3 c5 4. d3 Nc6 5. g3 d5 6. Nbd2 Nf6 7. Bg2 O-O 8. O-O
Bg4 9. Qc2 e5 10. h3 Bxf3 11. Nxf3 h6 12. Bd2 Re8 13. Rae1 Qd7 14. Nh2 Rad8 15.
Bc1 b6 16. Qa4 dxe4 17. dxe4 Na5 18. Qxd7 Rxd7 19. Ng4 Nxg4 20. hxg4 Rd3 21.
Re3 Red8 22. Rxd3 Rxd3 23. Re1 c4 24. Bf1 Rd8 25. Be3 Rd7 26. Be2 b5 27. a4 a6
28. axb5 axb5 29. Ra1 Nb3 30. Ra8+ Kh7 31. Rb8 Nd4 32. Kf1 Ra7 33. cxd4 Ra1+
34. Kg2 exd4 35. Bxd4 Bxd4 36. Rxb5 Rc1 37. Rb4 Rc2 38. Rxc4 Rxc4 39. Bxc4 Bxb2
40. Bxf7 Kg7 41. Bc4 g5 42. f4 Kf6 43. Kf3 Bd4 44. Bb3 Ke7 45. e5 Bc3 46. Ke4
Be1 47. f5 Bxg3 48. f6+ Kf8 49. e6 Bd6 50. Kf5 Ke8 51. Kg6 Be5 52. Ba4+ 1-0

[Event "31. Torneo San Viator 2019"]
[Site "Madrid ESP"]
[Date "2019.09.29"]
[Round "3.2"]
[White "Horcajada Reales, Guillermo"]
[Black "Renteria, Jorge"]
[Result "0-1"]
[WhiteElo "2154"]
[BlackElo "2286"]
[PlyCount "110"]
[EventDate "2019.09.08"]
[EventType "swiss"]
[EventRounds "9"]
[EventCountry "ESP"]
[SourceTitle "Ajedrez en Madrid"]
[Source "lmi"]
[SourceDate "2019.09.08"]
[SourceVersion "1"]
[SourceVersionDate "2019.10.29"]
[SourceQuality "1"]

1. e4 c5 2. Nf3 Nc6 3. d4 cxd4 4. Nxd4 Qb6 5. Nb5 Nf6 6. Be3 Qa5+ 7. Qd2 Qd8 8.
N1c3 a6 9. Nd4 e6 10. f3 d5 11. O-O-O Bb4 12. a3 Be7 13. exd5 Nxd5 14. Nxd5
exd5 15. Nxc6 bxc6 16. Qc3 O-O 17. Qxc6 Be6 18. Bd4 Bd6 19. Bd3 Qe7 20. Rhe1
Rfc8 21. Qa4 Rab8 22. g3 Qc7 23. Bc3 Bc5 24. Qh4 h6 25. Be5 Qb6 26. Qa4 Ra8 27.
g4 Ra7 28. Bf5 Rb7 29. Rxd5 Bxd5 30. Bxc8 Re7 31. Bc3 Rxe1+ 32. Bxe1 Bd4 33. b3
Bf6 34. Qe8+ Kh7 35. Qe2 Qc5 36. Bb4 Qg1+ 37. Qd1 Qe3+ 38. Qd2 Qg1+ 39. Qd1
Bb2+ 40. Kd2 Qxh2+ 41. Qe2 Qf4+ 42. Ke1 Bxf3 43. Bf5+ g6 44. Qe7 Bd5 45. Bd7
Be5 46. Qc5 Qe4+ 47. Kd2 Bd4 48. Qe7 Qf4+ 49. Kd3 Be5 50. Qc5 Be4+ 51. Ke2 Qf3+
52. Ke1 Bg3+ 53. Kd2 Bf4+ 54. Ke1 Be3 55. Qe7 Qf2+ 0-1

[Event "31. Torneo San Viator 2019"]
[Site "Madrid ESP"]
[Date "2019.09.29"]
[Round "3.3"]
[White "Unciti Juan, Javier"]
[Black "Rojo Jorge, Luis"]
[Result "1-0"]
[WhiteElo "1987"]
[BlackElo "1788"]
[PlyCount "85"]
[EventDate "2019.09.08"]
[EventType "swiss"]
[EventRounds "9"]
[EventCountry "ESP"]
[SourceTitle "Ajedrez en Madrid"]
[Source "lmi"]
[SourceDate "2019.09.08"]
[SourceVersion "1"]
[SourceVersionDate "2019.10.29"]
[SourceQuality "1"]

1. d4 Nf6 2. c4 g6 3. Nc3 d5 4. Nf3 Bg7 5. Qa4+ Bd7 6. Qb3 dxc4 7. Qxc4 O-O 8.
Bf4 c6 9. e4 Be6 10. Qd3 Qb6 11. Be2 Rd8 12. O-O Na6 13. a3 Rd7 14. b4 Qd8 15.
Rfd1 Nc7 16. Na4 Nxe4 17. Qxe4 Nd5 18. Ne5 Bf5 19. Qf3 Bxe5 20. Bxe5 Bc2 21.
Nc5 Bxd1 22. Rxd1 f6 23. Bg3 b5 24. h4 a5 25. h5 Rda7 26. hxg6 hxg6 27. Qg4 Kf7
28. Qe6+ Kg7 29. Qxc6 Kg8 30. Bxb5 Nc3 31. Bc4+ Kh8 32. Qe6 Qc8 33. Qe3 Ne2+
34. Qxe2 axb4 35. axb4 Ra1 36. Qd2 g5 37. Qe2 Qe8 38. d5 Qf7 39. Ne6 R8a7 40.
Nxg5 fxg5 41. Be5+ Kh7 42. Rxa1 Rxa1+ 43. Bxa1 1-0

[Event "31. Torneo San Viator 2019"]
[Site "Madrid ESP"]
[Date "2019.09.29"]
[Round "3.4"]
[White "Periotto Miori, Fabrizio Lautaro"]
[Black "Alonso Aranzabal, Iñigo"]
[Result "1/2-1/2"]
[WhiteElo "1803"]
[BlackElo "1873"]
[PlyCount "150"]
[EventDate "2019.09.08"]
[EventType "swiss"]
[EventRounds "9"]
[EventCountry "ESP"]
[SourceTitle "Ajedrez en Madrid"]
[Source "lmi"]
[SourceDate "2019.09.08"]
[SourceVersion "1"]
[SourceVersionDate "2019.10.29"]
[SourceQuality "1"]

1. e4 e5 2. Nf3 Nc6 3. Bc4 Nf6 4. d3 Bc5 5. c3 d6 6. Bb3 a6 7. Nbd2 O-O 8. O-O
Ba7 9. h3 h6 10. Re1 Re8 11. Nf1 Be6 12. Bc2 d5 13. exd5 Qxd5 14. Qe2 Qd7 15.
Be3 Bxe3 16. Nxe3 b5 17. Rad1 Rad8 18. a4 Nd5 19. axb5 axb5 20. d4 exd4 21.
Nxd5 Qxd5 22. Be4 Qc5 23. Bxc6 Qxc6 24. Nxd4 Qc4 25. Qe5 Rd5 26. Qe3 Red8 27.
Qf3 b4 28. Rc1 bxc3 29. Nxe6 fxe6 30. Rxc3 Qb4 31. Qe3 e5 32. Rxc7 Qxb2 33. Qg3
e4 34. Rxe4 Rd1+ 35. Kh2 Qa1 36. Qg6 Rf8 37. Qe6+ Kh8 38. Rf7 Rdd8 39. Rg4 Rxf7
40. Qxf7 Qe5+ 41. f4 Qd4 42. Qe7 Rd7 43. Qe8+ Kh7 44. Qg6+ Kh8 45. Rh4 Qd5 46.
Rg4 Qd4 47. Qe6 Kh7 48. Qf5+ Kh8 49. Rg6 Rd5 50. Qf8+ Kh7 51. Re6 Rd8 52. Qf5+
Kh8 53. Qf7 Kh7 54. Qf5+ Kh8 55. Qe5 Kh7 56. h4 Rd5 57. Qxd4 Rxd4 58. Kg3 h5
59. f5 Rg4+ 60. Kh3 Rf4 61. Re5 Kh6 62. g3 Rg4 63. Re8 Kh7 64. Re5 Kh6 65. Kg2
Ra4 66. Kf3 Rb4 67. Re4 Rb3+ 68. Kf4 Ra3 69. Re6+ Kh7 70. Rg6 Rb3 71. Kg5 Rxg3+
72. Kxh5 Rf3 73. Kg4 Rf1 74. Re6 Rf2 75. Re3 Kh6 1/2-1/2

[Event "31. Torneo San Viator 2019"]
[Site "Madrid ESP"]
[Date "2019.09.29"]
[Round "3.5"]
[White "Jimenez Elices, Jose Maria"]
[Black "Tenorio Garcia, Joel"]
[Result "0-1"]
[WhiteElo "1729"]
[BlackElo "1841"]
[PlyCount "80"]
[EventDate "2019.09.08"]
[EventType "swiss"]
[EventRounds "9"]
[EventCountry "ESP"]
[SourceTitle "Ajedrez en Madrid"]
[Source "lmi"]
[SourceDate "2019.09.08"]
[SourceVersion "1"]
[SourceVersionDate "2019.10.29"]
[SourceQuality "1"]

1. e4 e5 2. Nf3 Nc6 3. Bb5 a6 4. Ba4 Nge7 5. O-O g6 6. d4 b5 7. Bb3 Bg7 8. c3
exd4 9. cxd4 O-O 10. d5 Na5 11. Bc2 d6 12. Nbd2 c6 13. dxc6 Nexc6 14. Nb3 Bb7
15. Nbd4 Nb4 16. a3 Nxc2 17. Qxc2 Rc8 18. Qd3 Re8 19. Re1 d5 20. e5 Nc4 21. Bg5
Qb6 22. Re2 Nxe5 23. Nxe5 Rxe5 24. Be3 Qd8 25. Rc2 Rc4 26. b3 Rxc2 27. Qxc2 Re4
28. Rd1 Qe7 29. Qc1 h5 30. b4 Be5 31. Nf3 Rc4 32. Qd2 Bf6 33. Bd4 Bxd4 34. Nxd4
Qf6 35. Qe3 Kg7 36. h3 Rc7 37. Kh2 Re7 38. Qg3 h4 39. Qf3 Re4 40. Qd3 Qxf2 0-1

[Event "31. Torneo San Viator 2019"]
[Site "Madrid ESP"]
[Date "2019.09.29"]
[Round "3.6"]
[White "Matesanz Bonastre, Rafael"]
[Black "Calvo Gonzalez, Jose Felix"]
[Result "1/2-1/2"]
[WhiteElo "1902"]
[BlackElo "1683"]
[PlyCount "59"]
[EventDate "2019.09.08"]
[EventType "swiss"]
[EventRounds "9"]
[EventCountry "ESP"]
[SourceTitle "Ajedrez en Madrid"]
[Source "lmi"]
[SourceDate "2019.09.08"]
[SourceVersion "1"]
[SourceVersionDate "2019.10.29"]
[SourceQuality "1"]

1. d4 Nf6 2. c4 g6 3. Nc3 d5 4. cxd5 Nxd5 5. e4 Nxc3 6. bxc3 Bg7 7. Nf3 c5 8.
Rb1 O-O 9. Be2 Nc6 10. d5 Ne5 11. Nxe5 Bxe5 12. Qc2 f5 13. Bh6 Bg7 14. Bxg7
Kxg7 15. O-O fxe4 16. Qxe4 Qd6 17. Qe3 Rf5 18. c4 b6 19. f4 e5 20. dxe6 Qxe6
21. Qf3 Rb8 22. Bd3 Rf8 23. Rbe1 Qf6 24. Be4 Bf5 25. Bxf5 Qxf5 26. Re7+ Rf7 27.
Rfe1 Rbf8 28. h3 Rxe7 29. Rxe7+ Rf7 30. Rxf7+ 1/2-1/2

[Event "31. Torneo San Viator 2019"]
[Site "Madrid ESP"]
[Date "2019.09.29"]
[Round "3.7"]
[White "Arribas Jimenez, Pedro Angel"]
[Black "Muñoz Cebey, Ricardo"]
[Result "0-1"]
[WhiteElo "1876"]
[BlackElo "1845"]
[PlyCount "116"]
[EventDate "2019.09.08"]
[EventType "swiss"]
[EventRounds "9"]
[EventCountry "ESP"]
[SourceTitle "Ajedrez en Madrid"]
[Source "lmi"]
[SourceDate "2019.09.08"]
[SourceVersion "1"]
[SourceVersionDate "2019.10.29"]
[SourceQuality "1"]

1. e4 c6 2. d4 d5 3. exd5 cxd5 4. c4 Nf6 5. Nc3 e6 6. Bg5 Bb4 7. Qf3 Nbd7 8.
cxd5 exd5 9. Bb5 O-O 10. Bxd7 Bxd7 11. Bxf6 Qxf6 12. Qxf6 gxf6 13. a3 Bxc3+ 14.
bxc3 Rac8 15. Kd2 Rfe8 16. Ne2 Bg4 17. Nf4 Rcd8 18. Rhe1 Kf8 19. Rxe8+ Kxe8 20.
Re1+ Kf8 21. h3 Bf5 22. g4 Bc8 23. f3 b6 24. Nh5 Rd6 25. f4 h6 26. Ng3 Bd7 27.
Ra1 Bc8 28. f5 Bd7 29. Nh5 Ba4 30. Rb1 Bd7 31. Nf4 Bc6 32. Rb4 Ke8 33. Rb1 Bd7
34. Ke3 Ba4 35. Kf2 Kf8 36. Re1 Bb3 37. Kg3 Rc6 38. Re3 Bd1 39. Nxd5 h5 40. Rd3
Bb3 41. Nb4 Rd6 42. Re3 hxg4 43. Kxg4 Bd1+ 44. Kf4 a5 45. Nd3 Rd5 46. Nb2 Bc2
47. Nd3 Bb1 48. a4 Bc2 49. Ke4 Rd6 50. c4 Bxa4 51. c5 Bc6+ 52. Kf4 Rxd4+ 53.
Kg3 b5 54. h4 a4 55. h5 a3 56. h6 Kg8 57. Nf2 a2 58. Ra3 Ra4 0-1

[Event "31. Torneo San Viator 2019"]
[Site "Madrid ESP"]
[Date "2019.09.29"]
[Round "3.8"]
[White "Recuenco Andres, Javier"]
[Black "Padin Lazaro, Jose Manuel"]
[Result "1-0"]
[WhiteElo "1833"]
[BlackElo "1847"]
[PlyCount "93"]
[EventDate "2019.09.08"]
[EventType "swiss"]
[EventRounds "9"]
[EventCountry "ESP"]
[SourceTitle "Ajedrez en Madrid"]
[Source "lmi"]
[SourceDate "2019.09.08"]
[SourceVersion "1"]
[SourceVersionDate "2019.10.29"]
[SourceQuality "1"]

1. c4 c5 2. g3 Nc6 3. Bg2 g6 4. Nc3 Bg7 5. d3 e6 6. e4 Nge7 7. Nf3 O-O 8. O-O
b6 9. Be3 Nd4 10. Qd2 Bb7 11. Bh6 Nec6 12. Bxg7 Kxg7 13. e5 Qb8 14. Rae1 Nxf3+
15. Bxf3 Nd4 16. Bd1 f6 17. exf6+ Rxf6 18. f4 Qc7 19. h4 Qc6 20. Kh2 h6 21. Rf2
Raf8 22. Ref1 Qc7 23. Nb5 Nxb5 24. cxb5 e5 25. Qe3 d5 26. Kg1 exf4 27. Rxf4
Rxf4 28. Rxf4 Rxf4 29. gxf4 d4 30. Qg3 Bc8 31. Bg4 Bxg4 32. Qxg4 Qf7 33. b3 Qd5
34. Kf2 Kf7 35. Qc8 Qe6 36. Qb7+ Qe7 37. Qxe7+ Kxe7 38. Kf3 Kf6 39. Ke4 Ke6 40.
a3 Kf6 41. b4 Ke6 42. bxc5 bxc5 43. a4 Kd6 44. a5 h5 45. a6 Kc7 46. Kd5 Kb6 47.
Kc4 1-0

[Event "31. Torneo San Viator 2019"]
[Site "Madrid ESP"]
[Date "2019.09.29"]
[Round "3.9"]
[White "Rodriguez Polo, Mateo"]
[Black "Barahona Torrijos, Angel"]
[Result "1-0"]
[WhiteElo "2037"]
[BlackElo "1862"]
[PlyCount "105"]
[EventDate "2019.09.08"]
[EventType "swiss"]
[EventRounds "9"]
[EventCountry "ESP"]
[SourceTitle "Ajedrez en Madrid"]
[Source "lmi"]
[SourceDate "2019.09.08"]
[SourceVersion "1"]
[SourceVersionDate "2019.10.29"]
[SourceQuality "1"]

1. Nf3 Nc6 2. d4 d5 3. Bf4 Bf5 4. e3 e6 5. Bb5 Bd6 6. Bg3 Nge7 7. O-O Bxg3 8.
hxg3 Bg4 9. c4 O-O 10. cxd5 Qxd5 11. Nc3 Qh5 12. Be2 f5 13. Re1 Rf6 14. Ne5
Nxe5 15. dxe5 Rh6 16. f3 Qh2+ 17. Kf2 Rh3 18. Rg1 Qxg3+ 19. Kf1 Rf8 20. Qd4 Ng6
21. Rd1 Rh2 22. Rd2 Nxe5 23. Qf4 Qxf4 24. exf4 Ng6 25. fxg4 fxg4 26. g3 h5 27.
Ke1 Rf7 28. Ne4 Re7 29. Ng5 Nf8 30. Rd8 g6 31. Bc4 Kg7 32. Rd2 Rxd2 33. Kxd2 e5
34. Re1 Rd7+ 35. Ke3 exf4+ 36. Kxf4 Nh7 37. Nxh7 Kxh7 38. Kg5 c6 39. Re6 Kg7
40. Rxg6+ Kh7 41. Rh6+ Kg7 42. Rg6+ Kh7 43. Rf6 Kg7 44. Rf4 b5 45. Bb3 c5 46.
Be6 Re7 47. Re4 c4 48. Kf5 Kh6 49. Rd4 Rc7 50. Rd8 c3 51. bxc3 Rxc3 52. Kf6 Rc7
53. Bd7 1-0

[Event "31. Torneo San Viator 2019"]
[Site "Madrid ESP"]
[Date "2019.09.29"]
[Round "3.10"]
[White "Luque Ibanes, Manuel"]
[Black "Linares Leyva, David"]
[Result "1-0"]
[WhiteElo "1972"]
[BlackElo "1805"]
[PlyCount "46"]
[EventDate "2019.09.08"]
[EventType "swiss"]
[EventRounds "9"]
[EventCountry "ESP"]
[SourceTitle "Ajedrez en Madrid"]
[Source "lmi"]
[SourceDate "2019.09.08"]
[SourceVersion "1"]
[SourceVersionDate "2019.10.29"]
[SourceQuality "1"]

1. Nf3 Nf6 2. d4 c5 3. d5 g6 4. Nc3 Bg7 5. e4 d6 6. h3 O-O 7. Be2 a6 8. a4 b6
9. Bg5 Bb7 10. Qd2 Nbd7 11. O-O Qc7 12. Rad1 Rfd8 13. Bc4 Ne5 14. Nxe5 dxe5 15.
f4 Ne8 16. fxe5 Bxe5 17. Rxf7 Nd6 18. Rxe7 Qxe7 19. Bxe7 Bd4+ 20. Kh1 Nxc4 21.
Qg5 Re8 22. d6 Bc6 23. Nd5 Ne3 1-0

[Event "31. Torneo San Viator 2019"]
[Site "Madrid ESP"]
[Date "2019.09.29"]
[Round "3.11"]
[White "Gil Sierra, Jacinto"]
[Black "Alvarez Poves, Jesus"]
[Result "1-0"]
[WhiteElo "1952"]
[BlackElo "1794"]
[PlyCount "55"]
[EventDate "2019.09.08"]
[EventType "swiss"]
[EventRounds "9"]
[EventCountry "ESP"]
[SourceTitle "Ajedrez en Madrid"]
[Source "lmi"]
[SourceDate "2019.09.08"]
[SourceVersion "1"]
[SourceVersionDate "2019.10.29"]
[SourceQuality "1"]

1. e4 c5 2. Nf3 d6 3. d4 cxd4 4. Nxd4 Nf6 5. Nc3 a6 6. h3 e6 7. g4 Nfd7 8. Be3
b5 9. a3 Bb7 10. Qd2 Be7 11. O-O-O Nc5 12. Bg2 Nbd7 13. f4 Rc8 14. Kb1 Nb6 15.
Qe2 Nc4 16. Bc1 Qa5 17. Nb3 Nxb3 18. cxb3 Nxa3+ 19. bxa3 Rxc3 20. Qb2 Bf6 21.
g5 b4 22. gxf6 bxa3 23. Qxa3 Qb5 24. Kb2 Rg3 25. Bf1 Qc6 26. Rd3 Rxd3 27. Bxd3
gxf6 28. Qa4 1-0

[Event "31. Torneo San Viator 2019"]
[Site "Madrid ESP"]
[Date "2019.09.29"]
[Round "3.12"]
[White "Garcia Martin, Esteban"]
[Black "Ramos Isasi, Jose"]
[Result "1-0"]
[WhiteElo "1875"]
[BlackElo "1767"]
[PlyCount "77"]
[EventDate "2019.09.08"]
[EventType "swiss"]
[EventRounds "9"]
[EventCountry "ESP"]
[SourceTitle "Ajedrez en Madrid"]
[Source "lmi"]
[SourceDate "2019.09.08"]
[SourceVersion "1"]
[SourceVersionDate "2019.10.29"]
[SourceQuality "1"]

1. c4 Nf6 2. Nc3 c6 3. e4 e5 4. Nf3 d6 5. d4 exd4 6. Nxd4 Nbd7 7. Be2 Nc5 8.
Qc2 Be7 9. O-O O-O 10. b4 Ne6 11. Nf5 Re8 12. Nxe7+ Qxe7 13. Be3 Nf8 14. f3 d5
15. Bc5 Qc7 16. cxd5 cxd5 17. exd5 b6 18. d6 Qb7 19. Bd4 Be6 20. Bxf6 gxf6 21.
Qb2 f5 22. Nb5 Rac8 23. Nc7 Red8 24. Ba6 Qb8 25. Nxe6 fxe6 26. Bxc8 Qxc8 27.
Rfd1 Qd7 28. Rac1 Qf7 29. Rc7 Rd7 30. Rc8 h5 31. Qe5 Kh7 32. Re1 h4 33. h3 Kh6
34. Rc7 Kh7 35. Rxd7 Qxd7 36. Rc1 Ng6 37. Qd4 e5 38. Qd5 Ne7 39. Qf7+ 1-0

[Event "31. Torneo San Viator 2019"]
[Site "Madrid ESP"]
[Date "2019.09.29"]
[Round "3.14"]
[White "Sanchez Hernandez, Alvaro"]
[Black "Tudela Garcia, Antonio"]
[Result "1-0"]
[WhiteElo "1765"]
[BlackElo "1582"]
[PlyCount "55"]
[EventDate "2019.09.08"]
[EventType "swiss"]
[EventRounds "9"]
[EventCountry "ESP"]
[SourceTitle "Ajedrez en Madrid"]
[Source "lmi"]
[SourceDate "2019.09.08"]
[SourceVersion "1"]
[SourceVersionDate "2019.10.29"]
[SourceQuality "1"]

1. d4 Nf6 2. c4 e6 3. g3 Bb4+ 4. Bd2 Qe7 5. a3 Bxd2+ 6. Qxd2 Ne4 7. Qc2 f5 8.
Bg2 d5 9. Nc3 c6 10. cxd5 exd5 11. Nxd5 Qd6 12. Bxe4 fxe4 13. Qxe4+ Kd8 14.
Qh4+ Ke8 15. Nc3 Be6 16. Nf3 Nd7 17. O-O h6 18. Rfe1 Rf8 19. Qe4 Kd8 20. Rad1
Bf5 21. Qe3 Re8 22. Ne5 Bg6 23. Qf4 Ke7 24. Nxg6+ Qxg6 25. d5 Qd6 26. dxc6 Qxf4
27. Rxd7+ Kf6 28. Nd5+ 1-0